| 000 | 01168nam a2200253Ia 4500 | ||
|---|---|---|---|
| 001 | 16202 | ||
| 003 | GE_BSU | ||
| 008 | 181216s||||||||xx |||||||||||||| ||und|| | ||
| 020 | _aISBN 978-9941-0-1998-2 | ||
| 040 | _cGE_BSU | ||
| 100 | _aინასარიძე, მაია. ლობჟანიძე, სოფიკო. მამუკაძე, შორენა. | ||
| 245 | _aმასწავლებლის ეთიკის სახელმძღვანელო. | ||
| 245 | _bსიტუაციები სასკოლო ცხოვრებიდან. | ||
| 245 | _cილ:მამუკა ტყეშელაშვილი | ||
| 260 | _aთბილისი | ||
| 260 | _bფავორიტი პრინტი | ||
| 260 | _c2011 | ||
| 300 | _a104 გვ. : ილ. ; 24 სმ. | ||
| 520 | _aავტ.მითითებულნი არიან თავფურც.მე-2გვ. | ||
| 541 | _h6ლ. | ||
| 653 | _aმასწავლებლის ეთიკის სახელმძღვანელო. | ||
| 653 | _aპედაგოგიური ეთიკა; | ||
| 942 | _cBK | ||
| 999 |
_c49286 _d49286 |
||